|
|
|
|
| LEADER |
00581cam a2200193ua 4500 |
| 020 |
|
|
|a 81-7022-358-X
|
| 082 |
|
|
|a 338.064
|b SHA/A
|
| 100 |
|
|
|a Shah, C.H
|
| 245 |
0 |
2 |
|a Agricultural growth and equity: a micro-level experience
|
| 250 |
|
|
|a 1st ed.
|
| 260 |
|
|
|a New Delhi
|b Concept
|c 1991
|
| 300 |
|
|
|a 235p.
|
| 500 |
|
|
|a Includes index.
|
| 650 |
0 |
|
|a Agricultural economics
|
| 700 |
|
|
|a Vimal shah
|
| 700 |
0 |
2 |
|a Sudarshan Iyengar
|
| 942 |
|
|
|c BK
|
| 999 |
|
|
|c 10027
|d 10027
|
| 952 |
|
|
|0 0
|1 0
|4 0
|6 338_064000000000000_SHAA
|7 0
|9 10446
|a KUCL
|b KUCL
|d 2014-05-23
|l 0
|o 338.064 SHA/A
|p 03373
|r 2014-05-23
|y BK
|